Дизайн-проектирование (5 раздел): электронный курс
| Autore principale: | |
|---|---|
| Ente Autore: | |
| Altri autori: | |
| Riassunto: | Заглавие с экрана Дисциплина «Дизайн-проектирование» относится к базовой части модуля общепрофессиональных дисциплин. В учебном процессе знакомит с кругом вопросов, объединяемых понятиями основные принципы метода художественного конструирования и закономерности композиции на примерах проектирования комплектов предметов и проектов организации экспозиционно выставочного пространства. Служит дальнейшему профессиональному и творческому развитию и совершенствованию студента. Способствует формированию системного мышления будущего специалиста Доступ по логину и паролю |
| Lingua: | russo |
| Pubblicazione: |
Томск, TPU Moodle, 2016
|
| Soggetti: | |
| Accesso online: | https://design.lms.tpu.ru/course/view.php?id=1536 |
| Natura: | MixedMaterials Elettronico Libro |
| KOHA link: | https://koha.lib.tpu.ru/cgi-bin/koha/opac-detail.pl?biblionumber=661929 |
MARC
| LEADER | 00000nlm0a2200000 4500 | ||
|---|---|---|---|
| 001 | 661929 | ||
| 005 | 20231214135012.0 | ||
| 035 | |a (RuTPU)RU\TPU\network\33016 | ||
| 035 | |a RU\TPU\network\33015 | ||
| 090 | |a 661929 | ||
| 100 | |a 20200323d2016 m y0rusy50 ca | ||
| 101 | 0 | |a rus | |
| 102 | |a RU | ||
| 105 | |a a j 000zy | ||
| 135 | |a jrcn ---uucaa | ||
| 181 | 0 | |a i | |
| 182 | 0 | |a b | |
| 200 | 1 | |a Дизайн-проектирование (5 раздел) |e электронный курс |f Е. М. Давыдова, В. Ю. Радченко |g Национальный исследовательский Томский политехнический университет (ТПУ), Институт кибернетики (ИК), Кафедра инженерной графики и промышленного дизайна (ИГПД) | |
| 203 | |a Текст |c электронный | ||
| 210 | |a Томск |c TPU Moodle |d 2016 | ||
| 300 | |a Заглавие с экрана | ||
| 330 | |a Дисциплина «Дизайн-проектирование» относится к базовой части модуля общепрофессиональных дисциплин. В учебном процессе знакомит с кругом вопросов, объединяемых понятиями основные принципы метода художественного конструирования и закономерности композиции на примерах проектирования комплектов предметов и проектов организации экспозиционно выставочного пространства. Служит дальнейшему профессиональному и творческому развитию и совершенствованию студента. Способствует формированию системного мышления будущего специалиста | ||
| 333 | |a Доступ по логину и паролю | ||
| 606 | 1 | |a Дизайн |x (Информатика) |2 stltpush |3 (RuTPU)RU\TPU\subj\64461 |9 81355 | |
| 610 | 1 | |a электронный ресурс | |
| 610 | 1 | |a труды учёных ТПУ | |
| 610 | 1 | |a электронное обучение | |
| 610 | 1 | |a электронные курсы ТПУ | |
| 610 | 1 | |a электронные учебные пособия | |
| 610 | 1 | |a учебные пособия | |
| 610 | 1 | |a дизайн-проектирование | |
| 610 | 1 | |a проектирование | |
| 610 | 1 | |a художественное конструирование | |
| 610 | 1 | |a композиции | |
| 610 | 1 | |a системное мышление | |
| 675 | |a 004.92(075.8) |v 4 | ||
| 700 | 1 | |a Давыдова |b Е. М. |c специалист в области инженерной графики и начертательной геометрии |c старший преподаватель Томского политехнического университета |f 1975- |g Евгения Михайловна |3 (RuTPU)RU\TPU\pers\32802 |9 16660 | |
| 701 | 1 | |a Радченко |b В. Ю. |c специалист в области начертательной геометрии |c старший преподаватель Томского политехнического университета |f 1965- |g Валерия Юрьевна |3 (RuTPU)RU\TPU\pers\31618 | |
| 712 | 0 | 2 | |a Национальный исследовательский Томский политехнический университет (ТПУ) |b Институт кибернетики (ИК) |b Кафедра инженерной графики и промышленного дизайна (ИГПД) |3 (RuTPU)RU\TPU\col\18737 |
| 801 | 2 | |a RU |b 63413507 |c 20220202 |g RCR | |
| 856 | 4 | |u https://design.lms.tpu.ru/course/view.php?id=1536 | |
| 942 | |c CF | ||